Philosophia naturalis :

Guardado en:
Detalles Bibliográficos
Autor principal: Frank, Carolo (autor)
Formato: Libro
Idioma:latín
Publicado: Friburgo, Alemania : Herder, 1926
Etiquetas: Agrega una etiqueta
Sin etiquetas, Sé el primero en etiquetar este registro!

MARC

LEADER 00000nam^a2200000^a^4500
001 000565054
005 20250521000000.0
009 20260310132039.163
037 |a Acervo Xavier Clavigero 
041 |a LAT 
091 |a FPA. 01012 
100 |a Frank, Carolo  |e (autor) 
245 1 0 |b Philosophia naturalis :  |b in usum scholarum / 
264 1 |a Friburgo, Alemania :  |b Herder,  |c 1926 
300 |a XV, 365 p. 
336 |a texto  |b txt  |2 rdacontenido 
337 |a sin mediación  |b n  |2 rdamedio 
338 |a volumen  |b nc  |2 rdasoporte 
649 |a XX 
910 |a Fondo José Ignacio Palencia Gómez S.J. 
920 |a Impresos - Libros 
930 |a Fondos Especiales 
905 |a 137 
901 |a 0500359508  |b IT2  |c ESL  |i D  |u 20250521 
902 |a https://opac.biblio.iteso.mx/vufind/Record/000565054